| 000 | 00632cab a2200229 4500 | ||
|---|---|---|---|
| 001 | ABS51524 | ||
| 008 | 090401t1994 xxu||||| |||| 00| 0 eng d | ||
| 035 | _a(Sirsi) u31735 | ||
| 041 | _aeng | ||
| 100 | _aHouston, K. | ||
| 245 | _aBuilding blocks | ||
| 260 | _c1994 | ||
| 350 | _a0 | ||
| 490 |
_aC A Magazine _v98(1059) October 1994, 32-37(6) |
||
| 520 | _aQuestions whether Scottish businesses are making the most of property resources. | ||
| 650 | _aOPERATIONAL PROPERTY | ||
| 650 | _aPROPERTY ASSETS | ||
| 650 | _aSURVEYING SERVICES | ||
| 690 | _aPROPERTY-COMMERCIAL PROPERTY | ||
| 942 | _n0 | ||
| 948 | _c04/03/1997 | ||
| 999 |
_c21303 _d21303 |
||